| 000 | 00865nas a2200289 454500 | ||
|---|---|---|---|
| 001 | 1669 | ||
| 005 | 20260407193504.0 | ||
| 008 | 260407s1997####ag###########|||spa#d | ||
| 003 | AR-UNSa-BCEJYS | ||
| 040 |
_aAR-UNSa-BCEJYS _bspa _cAR-UNSa-BCEJYS |
||
| 080 |
_a62 _xIngeniería. Tecnología en general |
||
| 245 | 1 | 0 |
_aNew World _pla revista de Siemens |
| 022 | _a1435-1757 | ||
| 264 | 1 |
_aHamburgo : _bHoffmann und Campe Verlag _c1997 |
|
| 310 | _aFrecuencia: Trimestral | ||
| 041 | _aspa | ||
| 942 | _cSER | ||
| 590 | _aniveau_biblio:s niveau_hierar:1 | ||
| 100 | 1 | _aSiemens AG. | |
| 700 | 1 | _aHafner, Frank | |
| 650 | _aEMPRESAS | ||
| 650 | _aInvestigación y desarrollo | ||
| 650 | _aComunicación | ||
| 650 | _aTecnología | ||
| 650 | _aCiencia | ||
| 856 | 4 | 1 |
_uhttps://biblioeco.unsa.edu.ar/pmb/images/revistas/New world.jpg _yImagen de portada _qimage/jpeg |
| 999 |
_c8384 _d8384 |
||